LEADER 01151nam 2200313 n 450 001 996391814903316 005 20221108012849.0 035 $a(CKB)4940000000108077 035 $a(EEBO)2240945172 035 $a(UnM)99862766 035 $a(EXLCZ)994940000000108077 100 $a19930218d1648 uy | 101 0 $aeng 135 $aurbn||||a|bb| 200 14$aThe copy of a letter from Duke Hamilton, to the ministers at Lancaster$b[electronic resource] $ewith their answer to the same. /$fPublished by authority 210 $aLondon $cPrinted for Edward Husband, printer to the Honorable House of Commons$dAugust 25. 1648 215 $a7, [1] p 300 $aReproduction of the original in the British Library. 330 $aeebo-0018 607 $aGreat Britain$xHistory$yCivil War, 1642-1649$vEarly works to 1800 700 $aHamilton$b James Hamilton$cDuke of,$f1606-1649.$01005102 801 0$bCu-RivES 801 1$bCu-RivES 801 2$bCStRLIN 801 2$bWaOLN 906 $aBOOK 912 $a996391814903316 996 $aThe copy of a letter from Duke Hamilton, to the ministers at Lancaster$92392809 997 $aUNISA LEADER 04221nam 22010455 450 001 996248321003316 005 20210623222926.0 010 $a0-520-94613-8 024 7 $a10.1525/9780520946132 035 $a(CKB)3710000000430945 035 $a(EBL)2067467 035 $a(SSID)ssj0001540712 035 $a(PQKBManifestationID)11879081 035 $a(PQKBTitleCode)TC0001540712 035 $a(PQKBWorkID)11534360 035 $a(PQKB)11591772 035 $a(MiAaPQ)EBC2067467 035 $a(DE-B1597)519232 035 $a(OCoLC)910935682 035 $a(DE-B1597)9780520946132 035 $a(dli)HEB31183 035 $a(MiU) MIU01100000000000000000262 035 $a(EXLCZ)993710000000430945 100 $a20200424h20102010 fg 0 101 0 $aeng 135 $aurcnu|||||||| 181 $ctxt 182 $cc 183 $acr 200 10$aVoyager from Xanadu $eRabban Sauma and the First Journey from China to the West /$fMorris Rossabi 205 $a1st University of California Press ed. 210 1$aBerkeley, CA :$cUniversity of California Press,$d[2010] 210 4$dİ2010 215 $a1 online resource (249 p.) 300 $a"First University of Califrnia Press edition 2010"--T.p. verso. 300 $a"Previously published in 1992 by Kodansha International Ltd"--T.p. verso. 311 0 $a0-520-26237-9 320 $aIncludes bibliographical references and index. 327 $tFront matter --$tCONTENTS --$tIllustrations --$tPreface to the 2010 Edition --$tPreface to the First Edition --$tA Note on Transliteration --$tPrincipal Figures --$t1. Setting the Stage --$t2. A Pilgrimage to the West --$t3. The Mongols, the Muslims, and the Europeans --$t4. An Embassy to the West --$t5. Paris, Bordeaux, Rome, and Return --$tNotes --$tSelected Bibliography --$tIndex --$tAbout The Author 330 $aToward the end of the thirteenth century, at about the time Marco Polo was being received by the great Khubilai Khan, a Nestorian Christian monk from China called Rabban Sauma was making the reverse journey from the Mongol capital (what is now Beijing) to Jerusalem. Upon reaching Baghdad-the first traveler to arrive from China-Sauma learned that his pilgrimage could not be fulfilled because of Islamic control of the Holy Land. In Voyager from Xanadu, Morris Rossabi traces Sauma's trans-Eurasian travels against the turbulent era of the Mongol Empire and the last Crusades. His indispensable book provides a unique first-hand Asian perspective on Europe and illuminates a crucial period in the early history of global, diplomatic, and commercial networking. 517 3 $aRabban Sauma and the first journey from China to the West 606 $aDiplomats$zChina 606 $aDiplomats$xTravel 606 $aVoyages and travels 606 $aTravel, Medieval 610 $a13th century. 610 $aasian travel. 610 $abaghdad. 610 $abeijing. 610 $achina. 610 $achinese monk. 610 $acommercial networking. 610 $adiplomacy. 610 $adiscussion books. 610 $aengaging. 610 $aeurope. 610 $afirsthand perspective. 610 $aglobal travels. 610 $ahistorical. 610 $ahistory. 610 $aholy land. 610 $aislamic control. 610 $ajerusalem. 610 $alast crusades. 610 $amedieval period. 610 $amongol capital. 610 $amongol empire. 610 $amuslims. 610 $anestorian christian. 610 $anonfiction account. 610 $apilgrimage. 610 $arabban sauma. 610 $atrans eurasian travel. 610 $atravelogue. 610 $awestern travel. 610 $awestern world. 610 $aworld history. 610 $axanadu. 615 0$aDiplomats 615 0$aDiplomats$xTravel. 615 0$aVoyages and travels. 615 0$aTravel, Medieval. 676 $a909/.2092 700 $aRossabi$b Morris$4aut$4http://id.loc.gov/vocabulary/relators/aut$0538525 801 0$bDE-B1597 801 1$bDE-B1597 906 $aBOOK 912 $a996248321003316 996 $aVoyager from Xanadu$92406346 997 $aUNISA LEADER 02926nam 2200805uu 450 001 9910972661003321 005 20251116204153.0 010 $a0-19-771843-4 010 $a1-280-52896-6 010 $a0-19-535543-1 010 $a1-4294-0020-X 024 7 $a10.1093/oso/9780195107173.001.0001 035 $a(CKB)1000000000415805 035 $a(EBL)271073 035 $a(OCoLC)228170341 035 $a(SSID)ssj0000110814 035 $a(PQKBManifestationID)11137765 035 $a(PQKBTitleCode)TC0000110814 035 $a(PQKBWorkID)10064773 035 $a(PQKB)11374763 035 $a(Au-PeEL)EBL271073 035 $a(CaPaEBR)ebr10142242 035 $a(CaONFJC)MIL52896 035 $a(OCoLC)936849685 035 $a(MiAaPQ)EBC271073 035 $a(OCoLC)1406784576 035 $a(StDuBDS)9780197718438 035 $a(OCoLC)36969726 035 $a(FINmELB)ELB166565 035 $a(EXLCZ)991000000000415805 100 $a19981130e20231997 |y | 101 0 $aeng 135 $aur|n|---||||| 181 $ctxt 182 $cc 183 $acr 200 10$aBeyond all reason $ethe radical assault on truth in American law /$fDaniel A. Farber, Suzanna Sherry 205 $a1st ed. 210 1$aNew York ;$cOxford University Press,$d2023. 215 $a1 online resource (204 p.) 225 1 $aOxford scholarship online 300 $aIncludes index. 300 $aPreviously issued in print: 1997. 311 08$a0-19-510717-9 320 $aIncludes bibliographical references and index. 327 $aContents; Introduction; 1 Radical Multiculturalism and Its Discontents; 2 Transforming the Law; 3 Is the Critique of Merit Anti-Semitic?; 4 Distorting Public Discourse; 5 The Assault on Truth and Memory; 6 Anatomy of an Ideology; Conclusion; Acknowledgments; Notes; Index; A; B; C; D; E; F; G; H; I; J; K; L; M; N; O; P; Q; R; S; T; U; V; W; Y; Z 330 8 $aThis title is an appraisal of the impact of multiculturalism on legal scholarship. Far from making society more humane and less oppressive, radical multiculturalism is destructive of dialogue and community. Worse, the authors contend, radical multiculturalism has deep structural links to anti-Semitism and other forms of racism. 410 0$aOxford scholarship online. 606 $aCritical legal studies 606 $aDiscrimination 606 $aMerit (Ethics) 606 $aMulticulturalism 615 0$aCritical legal studies. 615 0$aDiscrimination. 615 0$aMerit (Ethics) 615 0$aMulticulturalism. 676 $a340.112 676 $a340/.112 676 $a349.73 700 $aFarber$b Daniel A.$f1950-$0233691 702 $aSherry$b Suzanna 801 0$bDLC 801 1$bDLC 801 2$bUk 801 2$bStDuBDSZ 801 2$bStDuBDSZ 906 $aBOOK 912 $a9910972661003321 996 $aBeyond all reason$94526489 997 $aUNINA